000 00688nam a2200253Ia 4500
003 OSt
005 20221005033141.0
006 a|||||r|||| 00| 0
007 ta
008 221004b |||||||| |||| 00| 0 san d
020 _a8173052379 (hbk)
024 _a76396
037 _cTextual
040 _aCRL
_cCRL
_bsan
041 _2san
_asan
082 _aO15jN, P2
100 _aDange Sindhu S. Ed.
_9585918
245 0 _aGleanings from vedic to puranic age
260 _aDelhi
_bAryan Books International India
_c2002
300 _a342p.
_ccm.
650 _aSANSKRIT LITERATURE
942 _hO15jN, P2
_cTEXL
_2cc
999 _c941033
_d941033